| Tag |
First Indicator |
Second Indicator |
Subfields |
| LEADER |
00000cam a2200000 a 4500 |
| 001 |
in00000079060 |
| 005 |
20151008055219.0 |
| 008 |
820112s1981 gw b 00110 fre d |
| 020 |
|
|
|a 0387111697 (U.S.)
|
| 020 |
|
|
|a 3540111697 (Berlin)
|
| 035 |
|
|
|a (OCoLC)08057639
|
| 035 |
|
|
|9 AAJ2846AM
|
| 040 |
|
|
|a YSM
|c YSM
|d TXA
|d UtOrBLW
|
| 049 |
|
|
|a TXAM
|c [1655037]
|
| 090 |
|
|
|a QA3
|b .L28 no. 896
|
| 100 |
1 |
|
|a Angéniol, Bernard.
|
| 245 |
1 |
0 |
|a Familles de cycles algebriques :
|b schema de Chow /
|c Bernard Angeniol.
|
| 264 |
|
1 |
|a Berlin ;
|a New York :
|b Springer-Verlag,
|c 1981.
|
| 300 |
|
|
|a vi, 139 ;
|c 25 cm.
|
| 336 |
|
|
|a text
|b txt
|2 rdacontent
|
| 337 |
|
|
|a unmediated
|b n
|2 rdamedia
|
| 338 |
|
|
|a volume
|b nc
|2 rdacarrier
|
| 490 |
1 |
|
|a Lecture notes in mathematics ;
|v 896
|
| 500 |
|
|
|a Includes index.
|
| 504 |
|
|
|a Bibliography: pages [138]-139.
|
| 650 |
|
0 |
|a Geometry, Algebraic.
|
| 650 |
|
0 |
|a Algebraic spaces.
|
| 830 |
|
0 |
|a Lecture notes in mathematics (Springer-Verlag) ;
|v 896.
|
| 999 |
|
|
|a MARS
|
| 999 |
f |
f |
|s b714a33b-ebe2-3733-b7b0-e84f935e6c8e
|i 6704f0a0-bfbd-32d2-b5f4-d841e769f393
|t 0
|
| 952 |
f |
f |
|p ric
|a Texas A&M University
|b Rellis Campus
|c Joint Library Facility
|d Remote Storage
|t 0
|e QA3 .L28 no. 896
|h Library of Congress classification
|i unmediated -- volume
|m A14806200532
|
| 998 |
f |
f |
|a QA3 .L28 no. 896
|t 0
|l Remote Storage
|